| 000 | 00426nam a2200205Ia 4500 | ||
|---|---|---|---|
| 001 | 12438 | ||
| 003 | GE_BSU | ||
| 008 | 181216s||||||||xx |||||||||||||| ||und|| | ||
| 020 | _a0007154534 | ||
| 040 | _cGE_BSU | ||
| 080 | _a821.111-312.4 | ||
| 100 | _aCrichton,Michael. | ||
| 245 | _aPrey. | ||
| 260 | _aLondon. | ||
| 260 | _bHarper Collins. | ||
| 260 | _c2002 | ||
| 300 | _a528p;18cm. | ||
| 653 | _aPrey. | ||
| 942 | _cBK | ||
| 999 |
_c45612 _d45612 |
||